000 00221 a2200097 4500
001 30888
100 _aNadvi
245 _aUmer Bin Abdul Aziz
260 _aLahore
_bInstitute of Islamic Culture
_c
090 _c20783
_d20783
942 _aNUST-CAE
_cM
_c11984
999 _c265961
_d265961